Statistics for Kings of Greece

Click here to take the quiz!

General Stats

  • This quiz has been taken 144 times
  • The average score is 5 of 6

Answer Stats

ReignMonarch% Correct
1913-1917, 1920-1922Constantine I
92%
1964-1973Constantine II
92%
1863-1913George I
87%
1935-1947George II
87%
1917-1920Alexander I
75%
1947-1964Paul I
72%

Score Distribution

Percentile by Number Answered

Percent of People with Each Score

Your Score History

You have not taken this quiz